00511nam a22001577a 4500008004100000020001800041050001900059100003300078245007300111250001800184260003900202300001800241650002800259650003100287650003500318140924s2013 mx |||| |||| 00| 0 spa d a978968856264204aH62bR635 2013 aRojas Soriano, Raúleautor 1aGuía para Realizar Investigaciones Sociales cRaúl Rojas Soriano a38a edición aMéxicob: Plaza y Valdesc, 2013 a439 páginas14a INVESTIGACIÓN SOCIAL24aMETODOLOGÍA CIENTÍFICA24aINVESTIGACIÓN CIENTÍFICA